header

The West in early cinema (Record no. 142626)

MARC details
000 -LEADER
fixed length control field 01319nam a2200337Ia 4500
100 1# - MAIN ENTRY--AUTHOR NAME
Personal name Verhoeff, Nanna.
245 14 - TITLE STATEMENT
Title The West in early cinema
260 ## - PUBLICATION, DISTRIBUTION, ETC. (IMPRINT)
Place of publication Amsterdam :
Name of publisher Amsterdam University Press,
Year of publication 2006.
300 ## - PHYSICAL DESCRIPTION
Number of Pages 459 p. :
Other physical details ill.
490 1# - SERIES STATEMENT
Series statement Film culture in transition
650 #0 - SUBJECT ADDED ENTRY--TOPICAL TERM
Topical Term Motion pictures
Topical Term Western films
856 40 - ELECTRONIC LOCATION AND ACCESS
Uniform Resource Identifier http://site.ebrary.com/lib/rucke/Doc?id=10182203

No items available.

© 2026 Rongo University
Contact us: librarian | system librarian | Rongo university